1616 1433 1842 1617 1960 1624 1781 1710 1215 1306 1781 1980 1909 1601 1257 1611 1353 1197 1279 1827 1261 1500 1418 1700 1357 1522 1184 1123 1973 1160 1008 1103 1815 1557 1114 1332 1834 1418 1042 1885 1123 1537 1908 1401 1384 1110 1332 1755 1514 1241 1695 1003 1406 1781 1539 1848 1071 1970 1044 1859 1931 1822 1182 1410 1889 1324 1223 1111 1750 1077 1557 1951 1310 1607 1290 1784 1434 1484 1182 1313 1545 1654 1967 1397 1658 1005 1400 1844 1877 1065 1916 1387 1455 1968 1766 1709 1919 1078 1129 BCNSPRNW ULIB Ver.6.0+V

เปลี่ยนเป็นภาษาไทย

Change to English
 แสดงรายละเอียดบรรณานุกรม
  กลับหน้าหลัก

Brief Record : Get Marc (ISO 2709) : E-mail record : QR code < ปิดหน้าต่าง
LEADER : 00000nam 2200000uu 4500
001    13399115202
003     ULIB
008    120727s2550||||th 000 0 tha d
020    ^a9789749601648
090    ^aนว.^bร940ฮ ล.7 2550
100 0  ^aโรว์ลิ่ง, เจ.เค.
245 00 ^aแฮร์รี่ พอตเตอร์ กับเครื่องรางยมทูต เล่ม7/^cโรว์ลิ่ง, เจ.เค.
250    ^aพิมพ์ครั้งที่ 1
260    ^aกรุงเทพฯ :^bนานมีบุ๊คส์,^c2550
300    ^a970 หน้า
710 1  ^aนานมีบุ๊คส์
945    ^p0^l0^i14789
995    ^aกัณชพร
999    ^aใช้งานได้ทุกระบบ
รายการนี้ยังไม่มีแท็ก
คุณยังไม่ได้ล็อกอิน คุณสามารถมีกิจกรรมร่วมกับเว็บไซต์ได้ แต่ต้องล็อกอินก่อน ::
  ล็อกอิน

รายการสื่อสารสนเทศ

ลำดับที่ ประเภท เลขเรียก/บาร์โค้ด สถานที่ สถานะ
1. วิทยาศาสตร์การแพทย์ และสุขภาพ
วิทยาศาสตร์การแพทย์ และสุขภาพ
นว. ร940ฮ ล.7 2550  
  Barcode: 14789
ห้องสมุดวิทยาเขตสวรรค์ประชารักษ์
►นวนิยาย
บนชั้น
  ขอยืม

รายการใกล้เคียง
    ผู้แต่ง [โรว์ลิ่ง, เจ.เค.]

BibComment


ยังไม่เคยถูกคอมเมนท์

คอมเมนท์ทรัพยากรรายการนี้
  คอมเมนท์: แฮร์รี่ พอตเตอร์..


 Copyright 2026. Bcnsprnw @Library